000 00776nam a2200253 i 4500
001 18427
003 ES-MaACL
005 20230906151834.0
007 t|
008 011116s2001 sp ||||1| spa d
020 _a84-493-1074-1
080 _a334.726:331.1
080 _a334.726:316.654
100 1 _aKlein, Naomi.
_968217
245 1 0 _aNo logo
_b: el poder de las marcas /
_cNaomi Klein.
260 _aBarcelona :
_bPaidós Ibérica,
_c[2001]
300 _a543 p. :
_bgráf. ;
_c24 cm.
490 1 _aPaidós contextos ;
_v61
650 1 4 _aMultinacionales-
_xAspectos sociales.
_915354
650 1 4 _aMultinacionales-
_xOpinión pública.
_915356
830 0 _aPaidós contextos ;
_v61
_9179772
852 _aES-MaACL
_jL-25041
_bR.130485
999 _c18427
_d18427